Study on the economy of farmers growing cruciferous vegetable in banan and battambang province, ការសិក្សាទៅលើកម្រិតជីវភាពប្រជាកសិករដាំដំណាំបន្លែស្លឹកទៅស្រុកបាណន់ និងក្រុងបាត់ដំបង ខេត្តបាត់ដំបង (Record no. 10766)

000 -LEADER
fixed length control field 00771nam a22001577a 4500
003 - CONTROL NUMBER IDENTIFIER
control field OSt
005 - DATE AND TIME OF LATEST TRANSACTION
control field 20161105092336.0
008 - FIXED-LENGTH DATA ELEMENTS--GENERAL INFORMATION
fixed length control field 161105b xxu||||| |||| 00| 0 eng d
040 ## - CATALOGING SOURCE
Transcribing agency RUA
082 ## - DEWEY DECIMAL CLASSIFICATION NUMBER
Classification number AGR SOE 2015 B520 Or.1
100 ## - MAIN ENTRY--PERSONAL NAME
9 (RLIN) 11198
Personal name SOEURN SANDA; សឿន ​សាន់ដា
245 ## - TITLE STATEMENT
Title Study on the economy of farmers growing cruciferous vegetable in banan and battambang province, ការសិក្សាទៅលើកម្រិតជីវភាពប្រជាកសិករដាំដំណាំបន្លែស្លឹកទៅស្រុកបាណន់ និងក្រុងបាត់ដំបង ខេត្តបាត់ដំបង
260 ## - PUBLICATION, DISTRIBUTION, ETC. (IMPRINT)
Place of publication, distribution, etc. RUA
Name of publisher, distributor, etc. SOE
Date of publication, distribution, etc. 2015
300 ## - PHYSICAL DESCRIPTION
Extent xi,71p.
Other physical details ill.
Dimensions 29cm.
942 ## - ADDED ENTRY ELEMENTS (KOHA)
Source of classification or shelving scheme
Koha item type AGR
Holdings
Price effective from Date last seen Permanent Location Not for loan Date acquired Source of classification or shelving scheme Koha item type Lost status Withdrawn status Date last checked out Total Checkouts Shelving location Damaged status Barcode Current Location Full call number
2016-11-052016-11-05Library Block B 2016-11-05 AGR    B520 A02253Library Block BAGR SOE 2015 B520 Or.1
2016-11-052016-11-05Library Block B 2016-11-05 AGR    B520 A00448Library Block BAGR SOE 2015 B520 Or.2
2016-11-052016-11-05Library Block B 2016-11-05 AGR    B520 A01967Library Block BAGR SOE 2015 B520 Or.3
2016-11-052016-11-05Library Block B 2016-11-05 AGR    B520 A01721Library Block BAGR SOE 2015 B520 Or.4
2016-11-052016-11-05Library Block B 2016-11-05 AGR    B520 A01646Library Block BAGR SOE 2015 B520 Or.5
2016-11-052016-11-05Library Block B 2016-11-05 AGR    B520 A02866Library Block BAGR SOE 2015 B520 Or.6
2016-11-052018-12-22Library Block B 2016-11-05 AGR  2018-12-141B520 A04301Library Block BAGR SOE 2015 B520 Or.7
2016-11-052016-11-05Library Block B 2016-11-05 AGR    B520 A02288Library Block BAGR SOE 2015 B520 Or.1
2021-10-012021-10-01Library Block B 2021-10-01 AGR    B691 A066753Library Block BAGR SOE 2015 B691 Or.1
2021-10-012021-10-01Library Block B 2021-10-01 AGR    B691 A066693Library Block BAGR SOE 2015 B691 Or.1
មជ្ឈមណ្ឌលឯការនៃសាកលវិទ្យាល័យភូមិន្ទកសិកម្មចំការដូង

Powered by Koha